[Event "GER-ch Rapid Women 2020"]
[Site "Plochingen"]
[Date "2020.09.21"]
[Round "6.4"]
[White "Gheng, Simona"]
[Black "Osmanodja, Filiz"]
[Result "0-1"]
[WhiteElo "2014"]
[BlackElo "2256"]
[Annotator "TA"]
[PlyCount "116"]
[EventDate "2020.09.19"]
[EventType "swiss"]
[EventCountry "GER"]
[SourceTitle "playchess.com"]
[Source "ChessBase"]
[SourceQuality "1"]

{[%evp 15,116,0,12,0,12,0,3,0,0,0,0,0,0,0,16,-16,0,0,19,5,6,10,5,8,14,-13,-1,-5,0,-97,-112,-166,-169,-246,-246,-239,-251,-265,-261,-239,-251,-227,-213,-227,-137,-155,-80,-71,0,0,268,-231,-231,-231,-231,-246,-246,-246,-231,-229,-226,-233,-178,-227,-220,-237,-235,-291,-283,-443,-443,-316,-209,-209,-209,-234,-209,-476,-476,-1130,-581,-581,-581,-29985,-29986,-29986,-29971,-29969,-29964,-29967,-443,-29967,-29969,-29977,-29978,-29977,-29968,-29973,-29971,-29970,-29970,-29976,-29977]} 1. e4 c5 2. c4 Nc6 3. Nc3 g6 4. g3 Bg7 5. Bg2 e6 6. Nge2 Nge7 7. O-O O-O 8. d3 a6 9. a3 {9.Rb1 is the modern continuation. A36: Symmetrical English vs ...g6: 4 Bg2 Bg7.} Rb8 10. Rb1 b5 11. cxb5 {The position is equal.} axb5 12. b4 cxb4 13. axb4 d5 14. exd5 exd5 15. d4 Bg4 {[#]} 16. Bf4 $146 ({Predecessor:} 16. Be3 Nf5 17. Qd2 Nxe3 18. fxe3 Qd6 19. Nxd5 Rfe8 20. Ndf4 g5 21. Bxc6 Qxc6 22. Ng2 {0-1 (94) Ahmad,E (2022)-Al Ali,H (2371) Tunis-Marsa 2009}) 16... Rb7 17. Qd2 Re8 18. h3 Bxe2 19. Nxe2 Nf5 20. Qa2 Ncxd4 21. Nxd4 Nxd4 22. Qxd5 (22. Be3 $11 {remains equal.}) 22... Rd7 $36 {[%mdl 2048] White is under strong pressure.} 23. Qa2 (23. Qc5 $17) 23... Ne2+ $19 24. Kh1 (24. Kh2 $142) 24... Nc3 25. Qa5 Nxb1 26. Rxb1 Rd1+ 27. Rxd1 Qxd1+ 28. Kh2 Qe2 {Hoping for ...Bd4.} 29. Be3 Bc3 30. Bc5 Be1 (30... Rc8 $142 31. Bc6 Qe5) 31. Qb6 h5 (31... Qe5 $17) 32. Bc6 Rc8 $2 {[%mdl 8192] [#]} (32... Re6 $11 {and Black has nothing to worry.} 33. Qd8+ Kh7) 33. Qxb5 $4 {[%mdl 8192]} (33. Bd5 $1 $18 {[%mdl 512] was the only winning move. White threatens Qxg6+ and mate.} Qd3 {[#]} 34. Bxf7+ $1 {[%mdl 576] Decoy} Kxf7 35. Qb7+ {[%mdl 64] Double Attack} Ke6 36. Qxc8+ Qd7 37. Qg8+ Kf5 38. Qf8+ Ke6 39. Qh6) 33... Qxb5 34. Bxb5 $18 {[%mdl 4096] Endgame KRB-KB} Rb8 35. Bd7 {Now b5 and White clings on.} Bxb4 36. Be3 Be1 37. Kg2 Rb2 38. Kf3 Ra2 39. Bb5 Kg7 40. g4 h4 41. Bc4 Ra4 42. Bb3 (42. Bd3 $142) 42... Ra3 $19 43. Bc4 f5 {Threatens to win with ...f4!} 44. gxf5 gxf5 {And now ...f4! would win.} 45. Ke2 Bc3 46. Kf1 $2 (46. Bc1 Ra4 47. Kd3) 46... Be5 47. Be6 (47. Bg5 $142 Rxh3 48. Be6) 47... Kf6 48. Bd7 f4 49. Bb6 f3 {[%cal Ra3a1]} 50. Ke1 Bf4 {[%cal Ra3a1]} 51. Bd4+ Kg6 52. Bg4 Rb3 (52... Kg5 $142 53. Bg7 Rb3 54. Kd1 Rd3+ 55. Kc2 Rd2+ {[%mdl 64] Double Attack} 56. Kc3 Rxf2 57. Bd4 Rh2 58. Kd3 Rd2+ 59. Ke4 f2 60. Bxf2 Rxf2 61. Bc8 Rc2 62. Bg4 Rc3 63. Kd5 Bd2 64. Be6 Rd3+ 65. Kc4 Re3 66. Bd7 Kf4 67. Kd4 Bc3+ 68. Kc4 Be1 69. Bg4 Ke5 70. Kb5 Kd6 71. Bd1 Rxh3 72. Be2 Rg3 73. Bd1 h3 74. Bc2 Ke5 75. Kc4 Rc3+ 76. Kb5 Rxc2 77. Ka4 h2 78. Kb3 Rc8 79. Ka2 h1=Q 80. Kb2 Qb7+ 81. Ka3 Ra8#) 53. Kd1 (53. Be3 $19 Bxe3 54. fxe3) 53... Rd3+ {[%mdl 64] Double Attack. Black mates.} 54. Ke1 Rxd4 55. Bxf3 Ra4 56. Bg4 Ra2 57. Kf1 Kg5 58. Kg2 Bg3 {Accuracy: White = 51%, Black = 72%.} 0-1

[Event "GER-ch Rapid Women 2020"]
[Site "Plochingen"]
[Date "2020.09.21"]
[Round "6.5"]
[White "Kosovska, Olena"]
[Black "Birkholz, Olga"]
[Result "0-1"]
[WhiteElo "1881"]
[BlackElo "2018"]
[Annotator "TA"]
[PlyCount "77"]
[EventDate "2020.09.19"]
[EventType "swiss"]
[EventCountry "GER"]
[SourceTitle "playchess.com"]
[Source "ChessBase"]
[SourceQuality "1"]

{[%evp 9,77,55,50,11,22,4,59,47,103,103,214,199,203,91,157,152,146,132,325,321,729,259,551,557,775,600,878,863,844,421,413,107,125,45,41,49,47,35,37,21,12,24,98,96,178,95,86,86,113,66,83,95,124,135,131,137,122,8,10,0,0,-111,-94,-341,436,-312,-312,-287,1063,-319]} 1. e4 b6 2. d4 Bb7 3. Nc3 e6 4. Bd3 g6 5. Nge2 Bg7 6. O-O {B00: Queen's Fianchetto Defence, Nimzowitsch Defence.} Ne7 7. f4 {[#]} O-O $146 (7... d5 $11) ({Predecessor:} 7... f5 8. Be3 O-O 9. a3 d5 10. e5 Ba6 11. b4 Bxd3 12. Qxd3 Qd7 13. Nd1 c6 {½-½ (33) Delorme,A (2322)-Kamsky,G (2674) chess.com INT 2020}) 8. f5 $14 {And now f6 would win.White is slightly better.} exf5 (8... Nec6 $14) 9. exf5 $16 Nxf5 (9... Nc8 $16) 10. Bxf5 $18 gxf5 11. Rxf5 (11. Ng3 $1 $18) 11... Qh4 ({Better is} 11... Nc6) 12. Nb5 $36 {[%mdl 2048] Ng3 is the strong threat. White has strong initiative.} Qe4 {[%csl Gb7][%cal Re4g2]} 13. Rg5 h6 $2 (13... f6 $16 {is a better defense.} 14. Rg3 Na6) 14. Rg3 {Strongly threatening Bxh6.} Qc6 $2 {[#]} (14... Kh7 15. Nxc7 Nc6 16. Nxa8 Rxa8) 15. Nbc3 $2 (15. d5 $1 {[%mdl 512]} Qc5+ (15... Qxd5 16. Qxd5) 16. Be3 Qxb5 17. Bxh6 Qxb2 18. Bxg7 Qxg7 19. Rxg7+ Kxg7 20. Ng3) 15... Kh8 $2 (15... d5 16. Nf4 Kh8 17. Nfxd5 (17. Ncxd5 Nd7 $16) 17... Nd7) 16. d5 Qc4 17. Be3 Na6 18. Qd2 Rg8 {[#]} 19. Bxh6 (19. Rh3 $142 $1 {[%mdl 512]} Qg4 20. Ng3) 19... Bxc3 20. Rxc3 $2 ({Not} 20. Qxc3+ Qxc3 21. Rxg8+ (21. Nxc3 Rxg3 22. hxg3 Nb4 $16) (21. Rxc3 Bxd5 22. Nf4 Be6 $16) (21. bxc3 Rxg3 22. Nxg3 Bxd5 $11) 21... Kxg8 $16) (20. Nxc3 $18 {and the rest is easy.} Rxg3 21. hxg3) 20... Qxd5 $16 {[%csl Gb7,Gg8][%cal Rd5g2]} 21. Ng3 (21. Qxd5 $16 {Intending Qe5+ and mate.} Bxd5 22. Nf4) 21... Qxd2 22. Bxd2 Rae8 23. Rf1 Re2 $1 {[%cal Re2g2]} 24. Rf2 Rxf2 25. Kxf2 c5 (25... Nc5 $11 {keeps the balance.}) 26. Re3 $1 Bd5 (26... f6 $16 {was called for.}) 27. Re5 (27. Ne4 $18 Bxe4 28. Rxe4) 27... Be6 28. a3 Rg4 29. Ne4 {aiming for Bc3.} Rg6 30. Rh5+ Kg8 31. Bc3 {[%csl Gc3][%cal Rh5h8]} Kf8 {[#]} 32. Be5 $1 d5 33. Nf6 ({White should try} 33. Ng5 $16) 33... Ke7 $11 34. Nh7 c4 35. Bd4 {[#]} (35. Rg5 $11) 35... Nc5 $1 $17 36. Ng5 $2 (36. Kg1 $17 {might work better.}) 36... Rxg5 $4 {[%mdl 8192]} (36... Bg4 $19 37. Rh8 Rxg5) 37. Rxg5 $4 {[%mdl 8192]} (37. Bxc5+ $1 $18 bxc5 38. Rxg5) 37... Ne4+ $19 {[%mdl 64] Double Attack} 38. Ke3 {Black must now prevent Rg8.} Bg4 $4 {[%mdl 8192]} (38... Nxg5 $19 39. h4 Ne4) 39. b3 $4 {[%mdl 8192] Accuracy: White = 43%, Black = 34%.} (39. Rxg4 $18 {was the only winning move.} Nd6 40. Rg5) 0-1

[Event "GER-ch Rapid Women 2020"]
[Site "Plochingen"]
[Date "2020.09.21"]
[Round "6.6"]
[White "Wulf, Constanze"]
[Black "Morio, Estelle"]
[Result "1-0"]
[WhiteElo "1817"]
[BlackElo "1837"]
[Annotator "NA RC"]
[PlyCount "63"]
[EventDate "2020.09.19"]
[EventType "swiss"]
[EventCountry "GER"]
[SourceTitle "playchess.com"]
[Source "ChessBase"]
[SourceQuality "1"]
[TimeControl "900+10"]

1. e4 {[%emt 0:00:17]} d6 {[%emt 0:00:00]} 2. d4 {[%emt 0:00:04]} Nf6 {[%emt 0:00:00]} 3. Nc3 {[%emt 0:00:02]} Nbd7 {[%emt 0:00:00]} 4. g4 {[%emt 0:00:06]} h6 {[%emt 0:00:02]} 5. Be3 {[%emt 0:00:04]} e5 {[%emt 0:00:03]} 6. f3 {[%emt 0:00:16] B07: Pirc Defence: Miscellaneous Systems.} c6 {[%emt 0:00:17]} 7. Qd2 {[%emt 0:00:11]} b5 {[%emt 0:00:16]} 8. O-O-O {[%emt 0:00:09] [#]} a5 $146 {[%emt 0:00:23]} (8... Qa5 $11) ({Predecessor:} 8... b4 9. Nce2 Qa5 10. Kb1 d5 11. Ng3 dxe4 12. Bc4 Nb6 13. Bb3 Be7 14. dxe5 Qxe5 {1-0 (24) Dutreeuw,M (2384)-Manouck,T (2342) Paris 2006}) 9. h4 {[%emt 0:00:51]} Be7 {[%emt 0:01:33]} 10. Nh3 {[%emt 0:01:24]} a4 {[%emt 0:04:33]} 11. g5 {[%emt 0:02:19]} hxg5 {[%emt 0:00:41]} (11... Nh5 $1 $14) 12. hxg5 {[%emt 0:01:37]} Nh5 {[%emt 0:00:34]} 13. Nf2 {[%emt 0:00:55]} g6 {[%emt 0:00:19]} 14. Bh3 {[%emt 0:01:03]} Rb8 {[%emt 0:02:29]} 15. Bg4 {[%emt 0:02:30]} Nb6 {[%emt 0:00:36]} 16. dxe5 {[%emt 0:03:08]} Nc4 {[%emt 0:02:09] Double Attack} 17. Qd4 {[%emt 0:01:11]} c5 {[%emt 0:01:17]} 18. Qd3 {[%emt 0:00:56]} Nxe5 {[%emt 0:00:06]} 19. Qe2 {[%emt 0:00:44]} Bxg5 {[%emt 0:01:45]} 20. Kb1 $16 {[%emt 0:00:16]} (20. Bxc8 $18 Bxe3+ 21. Qxe3 Qxc8 22. Ng4) 20... Bxe3 {[%emt 0:00:11]} 21. Qxe3 {[%emt 0:00:01]} Qf6 {[%emt 0:00:35]} 22. Bxh5 {[%emt 0:00:05]} Rxh5 {[%emt 0:00:20]} 23. Rxh5 {[%emt 0:00:13]} gxh5 {[%emt 0:00:01]} 24. f4 {[%emt 0:00:09]} Ng4 {[%emt 0:00:20]} 25. Nxg4 {[%emt 0:00:08]} hxg4 {[%emt 0:00:06]} 26. e5 {[%emt 0:00:05]} dxe5 {[%emt 0:00:07]} 27. fxe5 {[%emt 0:00:05]} Qc6 {[%emt 0:00:10]} 28. Qg5 {[%emt 0:00:05]} Qc7 {[%emt 0:00:33]} 29. Nd5 {[%emt 0:00:04]} Qb7 {[%emt 0:00:11]} 30. Nf6+ {[%emt 0:00:08]} Ke7 {[%emt 0:00:04]} 31. Nh7+ {[%emt 0:00:15]} Ke8 {[%emt 0:00:05]} 32. Qd8# {[%emt 0:00:02]} 1-0

[Event "GER-ch Rapid Women 2020"]
[Site "Plochingen"]
[Date "2020.09.21"]
[Round "7.1"]
[White "Muetsch, Annmarie"]
[Black "Voicu-Jagodzinsky, Carmen"]
[Result "1/2-1/2"]
[WhiteElo "2226"]
[BlackElo "2247"]
[Annotator "TA"]
[PlyCount "73"]
[EventDate "2020.09.19"]
[EventType "swiss"]
[EventCountry "GER"]
[SourceTitle "playchess.com"]
[Source "ChessBase"]
[SourceQuality "1"]

{[%evp 10,73,75,43,49,52,41,25,49,55,176,198,191,190,173,170,186,171,166,168,185,179,164,133,141,116,154,114,131,136,172,-56,7,-48,-40,-120,-119,-119,-117,-166,-152,-171,-170,-220,-82,-154,-158,-259,-265,-299,-297,-308,-275,-298,-310,-314,-289,-293,-285,-288,-264,-263,0,-279,0,-258]} 1. e4 d5 2. exd5 Qxd5 3. Nc3 Qd6 4. d4 Nf6 5. Nf3 c6 6. Ne5 Nbd7 {B01: Scandinavian Defence.} 7. f4 Nb6 8. g4 h5 {[%cal Rh5g4] White has an edge.} 9. g5 {[#]} Nfd5 $146 (9... Nfd7 $1 $14) ({Predecessor:} 9... Ng4 10. Ne4 Qe6 11. Bg2 Nxe5 12. fxe5 Qg6 13. O-O Bg4 14. Qd3 e6 15. a4 Bf5 {0-1 (61) Kaplan,E (1988)-Giris,R (1794) Antalya 2018}) 10. Ne4 $18 Qc7 11. c4 $36 {[%mdl 2048] White is really pushing.} Nb4 12. a3 Bf5 13. Bg2 (13. axb4 Bxe4 14. Rg1 e6 $11) 13... Na6 14. Ng3 g6 15. Nxf5 gxf5 16. Bf3 Bg7 17. Qe2 h4 18. Bh5 Bxe5 19. fxe5 {[#] Threatens to win with e6.} O-O-O 20. Be3 $2 (20. Bxf7 $18 Rxd4 21. Be6+ Kb8 22. Be3 (22. Bxf5 Nxc4 23. O-O Nc5 $11)) 20... e6 (20... Rxh5 $1 $15 21. Qxh5 {[%mdl 64] Double Attack} Nxc4) 21. Bf3 (21. b3 $11) 21... c5 $15 22. dxc5 ({White should play} 22. O-O-O $15) 22... Nxc5 $17 {[#] Strongly threatening ...Nd3+.} 23. O-O Qxe5 24. b4 Ne4 25. Rae1 Rhg8 26. Kh1 Na4 (26... Nxg5 $19 27. Bf4 Qxe2 28. Bxe2 Ne4) 27. Qg2 (27. Bxa7 $142 Nac3 28. Qe3) 27... Nac3 28. Bxe4 (28. Qc2 $17 {was worth a try.}) 28... Nxe4 $19 ({Don't do} 28... Qxe4 29. Qxe4 Nxe4 30. Bxa7 $19) 29. Bf4 Qd4 30. Qe2 h3 31. Be3 Qe5 32. Bf4 Qc3 33. Rf3 Qd4 34. Be3 Qe5 35. Bf4 Qd4 36. Be3 $1 {[%cal Re3d4]} Qe5 37. Bf4 {[%mdl 32768] Accuracy: White = 55%, Black = 69%. . An unexpected result.} 1/2-1/2

[Event "GER-ch Rapid Women 2020"]
[Site "Plochingen"]
[Date "2020.09.21"]
[Round "7.2"]
[White "Birkholz, Olga"]
[Black "Paehtz, Elisabeth"]
[Result "0-1"]
[WhiteElo "2018"]
[BlackElo "2472"]
[Annotator "TA"]
[PlyCount "92"]
[EventDate "2020.09.19"]
[EventType "swiss"]
[EventCountry "GER"]
[SourceTitle "playchess.com"]
[Source "ChessBase"]
[SourceQuality "1"]

{[%evp 17,92,20,18,14,11,8,46,39,45,46,36,14,46,-2,0,0,-6,-12,-10,-16,56,-27,-27,-24,-16,-37,0,0,0,0,0,-87,-88,-85,-83,-200,94,92,92,86,232,-8,-6,-14,-9,-16,-14,-103,-105,-123,-62,-59,49,0,177,-75,-78,-81,-81,-367,-363,-601,-601,-702,-641,-5612,-9674,-29984,-29985,-29985,-29986,-29989,-29990,-29990,-29990,-29991,-29992]} 1. Nf3 g6 2. c4 Bg7 3. Nc3 d6 4. g3 Nf6 5. Bg2 O-O 6. O-O Nc6 7. d4 a6 8. Bg5 h6 9. Bd2 Rb8 10. Rc1 {E63: King's Indian: Fianchetto: Panno Variation with 7...a6.} e5 11. d5 {[#]} Na5 $146 ({Predecessor:} 11... Nd4 12. Ne1 c5 13. dxc6 bxc6 14. e3 Nf5 15. Bxc6 Rxb2 16. Nd3 Rb8 17. Bg2 Ne7 {0-1 (39) Jumabayev,R (2633)-Chigaev,M (2640) Riga 2019}) 12. b3 {White is slightly better.} c5 13. dxc6 Nxc6 14. h3 Bf5 15. Nh4 Be6 16. Be3 Qd7 17. Kh2 g5 18. Nf3 g4 (18... b5 $11) 19. hxg4 (19. Nh4 $14) 19... Nxg4+ $11 20. Kg1 Nxe3 21. fxe3 b5 22. cxb5 axb5 23. Nh4 Ne7 24. Ne4 (24. e4 $11) 24... f5 $17 25. Nxd6 Qa7 $1 {[%csl LRa2,LRe3]} ({Don't play} 25... Rb6 $6 26. Nb7 $14) 26. Qd3 (26. Qd2 $17) 26... e4 $2 (26... Rbd8 $19 {And now ...e4 would win.} 27. Rcd1 Qb6) 27. Nxb5 $16 Qb6 28. Qd6 Nd5 {[#]} (28... Qxd6 $16 {is a better defense.} 29. Nxd6 Rbd8) 29. Qxb6 $2 (29. Nxf5 $1 $18 {[%mdl 512] Rc6 is the strong threat.} Rfd8 (29... Bxf5 30. Qxd5+) 30. Qxb6 Rxb6 31. a4) 29... Rxb6 $11 30. Nd4 {[%cal Rd4f5]} Nxe3 31. Nxe6 Rxe6 32. Rfe1 (32. Bh3 $11 {keeps the balance.}) 32... Be5 $36 {[%mdl 3072] Black has strong compensation. Black has strong initiative.} 33. Kh2 Kh8 (33... Ref6 $1 $17 34. Bh1 Ra8) 34. Bh3 $15 Kg7 ({Better is} 34... Ref6 $15 35. Ng2 Nxg2 36. Bxg2 Rg6) 35. Rg1 Kf6 $2 {[#]} (35... h5 $11) 36. Rgf1 $2 (36. Nxf5 $1 $18 {[%mdl 512]} Nxf5 37. Bxf5) 36... Nxf1+ $17 37. Rxf1 Kg5 {aiming for ...Ra6.} 38. Nxf5 $2 {[%mdl 8192]} (38. Rxf5+ $17 Rxf5 39. Bxf5) 38... Ref6 $19 39. Kg2 $2 (39. Re1 Rc6 40. Ne3) 39... Rxf5 40. Bxf5 Rxf5 {[%mdl 4096] Endgame KRB-KR} 41. Rc1 e3 42. Rc4 Rf2+ {[%mdl 64] Double Attack. Black mates.} 43. Kh3 Rxe2 44. Re4 Kf5 45. Rh4 Rxa2 46. Rxh6 e2 {Accuracy: White = 43%, Black = 57%.} 0-1

[Event "GER-ch Rapid Women 2020"]
[Site "Plochingen"]
[Date "2020.09.21"]
[Round "7.4"]
[White "Papp, Sarah"]
[Black "Wulf, Constanze"]
[Result "1-0"]
[WhiteElo "2327"]
[BlackElo "1817"]
[Annotator "TA"]
[PlyCount "181"]
[EventDate "2020.09.19"]
[EventType "swiss"]
[EventCountry "GER"]
[SourceTitle "playchess.com"]
[Source "ChessBase"]
[SourceQuality "1"]

{[%evp 19,180,0,27,4,50,20,82,74,82,86,87,83,173,181,171,112,187,179,189,173,148,156,164,179,169,-30,47,-129,47,-52,-34,-32,-22,-20,-31,-26,-10,-62,152,0,93,21,454,304,250,293,289,284,282,245,225,71,69,8,12,-86,0,0,8,0,0,0,0,0,0,-34,-34,-34,0,0,0,0,0,0,0,0,0,-32,-25,-33,0,0,0,-10,8,8,8,8,10,8,8,8,8,22,25,8,29985,29986,29986,29987,29989,29987,29989,29986,29988,8,24,24,24,24,36,0,0,0,0,0,0,0,36,0,8,8,8,8,29986,29987,29987,29988,29988,29989,29989,29990,29990,29991,29991,29989,29990,29991,29993,29988,29988,29989,29989,29990,29990,29991,29991,29987,29992,29983,29985,29986,29986,29987,29987,29988,29989,29990,29990,29989,29989,29990,29999]} 1. e4 c5 2. d3 Nc6 3. g3 g6 4. Bg2 Bg7 5. f4 d6 6. Nf3 e6 7. c3 Nge7 8. O-O O-O 9. Be3 Rb8 10. Nbd2 b5 11. d4 {B20: Sicilian: Unusual White 2nd moves.} b4 12. dxc5 dxc5 (12... bxc3 $11 13. bxc3 Bxc3) 13. e5 $16 {White is better.} Ba6 14. Re1 bxc3 15. bxc3 {[#]} Qa5 $146 (15... Qc7 $16) ({Predecessor:} 15... c4 16. Bc5 Rb2 17. Qa4 Bb5 18. Qa3 Rc2 19. Ne4 Nf5 20. Red1 Qc7 21. Bxf8 Bxf8 22. Nf6+ Kh8 23. Qxf8# {1-0 (23) Zvarik,M (2228)-Framberk,J (2042) Litomysl 2008}) 16. Nb3 $36 {[%mdl 2048] White has strong initiative.} Qxc3 17. Rc1 (17. Nxc5 $6 Nf5 $16) (17. Bxc5 $18 {And now Nfd2 would win.} Rfd8 18. Bd6) 17... Qb2 (17... Qd3 $16 {is a better defense.}) 18. Rc2 ({Not} 18. Rxc5 Rfd8 $14) (18. Bxc5 $6 Rfd8 $14) 18... Qa3 19. Bxc5 Qa4 20. Bd6 Rfd8 21. Nc5 Qa5 22. Ng5 $2 (22. Qd2 $1 $18 {[%cal Rd2a5] Qxa5 is the strong threat.} Qxd2 23. Rxd2) 22... Rbc8 (22... Nb4 $1 $11 23. Rf2 Nf5 24. Nxa6 Nxa6) 23. Rd2 $2 (23. Kh1 $14) 23... Nf5 $2 (23... Rxd6 $1 $17 24. exd6 Qxc5+ 25. Kh1 Nf5) 24. Nce4 (24. Nb3 $14 Qa4 25. Bc5) 24... h6 25. Nf3 Bf8 26. g4 Nxd6 27. Nxd6 Bxd6 28. exd6 Qb4 $2 {[#]} (28... Rd7 $1 $15 {stays ahead.}) 29. Ne5 $2 (29. f5 $1 $16 {[%cal Rf5e6][%mdl 512]} Qc5+ (29... exf5 30. d7) 30. Kh1 exf5 31. Rd5) 29... Na5 (29... Qb6+ $11 {keeps the balance.} 30. Kh1 Nxe5 31. fxe5 Qa5) 30. f5 ({Better is} 30. d7 $16 Rb8 31. f5) 30... exf5 $2 {[%mdl 8192]} (30... Nc4 $11 31. Nxc4 Bxc4) 31. gxf5 Nc4 32. Nxc4 Bxc4 33. d7 Rb8 34. fxg6 fxg6 35. Rd6 $2 (35. Kh1 $18 {and White stays clearly on top.} Bf7 36. Rde2) 35... Bf7 $16 36. Rf1 (36. Bd5 $14 Qc5+ 37. Kh1 Bxd5+ 38. Rxd5) 36... Rb6 $11 37. Rff6 (37. Rd3 $11) 37... Rxd6 ({Black should try} 37... Qc5+ $17 38. Kh1 Rxd7 39. Rxd7 Rxf6) 38. Rxd6 ({Don't play} 38. Qxd6 Qg4 $17) 38... Qf4 39. Kh1 Qf5 40. Bc6 Bxa2 41. Qe2 Bf7 42. Be4 Qe5 43. Qd3 Qa1+ 44. Kg2 Qb2+ 45. Kh3 Qe5 46. Bxg6 Be6+ 47. Kg2 Qg5+ 48. Kh1 Qc1+ 49. Kg2 Qg5+ (49... Rxd7 $5 {[%cal Rc1g5]} 50. Bf7+ (50. Bh7+ Kh8 $17) 50... Rxf7 51. Rxe6 Rg7+ 52. Kh3 Qc8 $1 $15 {[%mdl 512]}) 50. Qg3 {Strongly threatening Qxg5.} Bd5+ 51. Kh3 Bc4 {( -> ...Bf1+)} 52. Qxg5 hxg5 {[%mdl 4096] Endgame KRB-KRB} 53. Kg4 Bb5 54. Bf5 Kf7 55. Kxg5 {Threatens to win with Rd5.} Ke7 56. Re6+ Kf8 57. Rh6 {White threatens Kf6 and mate.} Kg7 $2 {[%mdl 8192]} (57... Ke7 $11) 58. Rh7+ Kg8 59. Re7 a5 60. h4 a4 61. h5 a3 62. h6 $2 (62. Be6+ {mates} Kf8 63. Rf7+ Kg8 64. Rf5+ {[%mdl 64] Discovered Attack} Kh8 65. Rxb5 a2 66. Bxa2 Rxd7 67. Rb8+ Kh7 68. Bg8+ Kh8 69. Be6+ {[%mdl 64] Discovered Attack} Kh7 70. Bxd7 Kg7 71. Be8 Kg8 72. Bg6+ Kg7 73. h6#) 62... a2 63. Be6+ {[%mdl 64] Double Attack} Kh8 64. Bxa2 Bxd7 65. Bf7 (65. Bb1 {with more complications.} Bb5 66. Re3 Rd5+ 67. Kf4 Rd4+ 68. Ke5) 65... Bb5 66. Kf6 Rd6+ 67. Be6 Rd8 68. Bf5 Rf8+ 69. Ke5 Rd8 70. Rh7+ Kg8 71. Rb7 Kh8 $2 {[%mdl 8192] White stays focused until the end.} (71... Bd3 $11) 72. Rxb5 {KRB-KR. White mates.} Re8+ 73. Kf6 Rf8+ 74. Kg5 Rg8+ 75. Bg6 Rf8 76. Rb7 Rd8 77. Rh7+ Kg8 78. Re7 Kh8 79. Bf5 Rg8+ 80. Kf6 {[%csl Gf5][%cal Re7h7]} Rf8+ 81. Kg6 Rg8+ 82. Rg7 Re8 83. Rh7+ Kg8 84. Bd7 Re1 85. Rg7+ Kh8 {[#]} 86. Rf7 $1 {[%cal Rf7f8]} Rg1+ 87. Kf6 Rf1+ 88. Bf5 {[%cal Rf7f8]} Rg1 89. Rh7+ Kg8 90. Ra7 {[%cal Ra7a8]} Rh1 91. Ra8# {Accuracy: White = 58%, Black = 59%.} 1-0

[Event "GER-ch Rapid Women 2020"]
[Site "Plochingen"]
[Date "2020.09.21"]
[Round "7.5"]
[White "Frey, Alisa"]
[Black "Mader, Lena"]
[Result "1-0"]
[WhiteElo "2087"]
[BlackElo "1839"]
[Annotator "TA"]
[PlyCount "79"]
[EventDate "2020.09.19"]
[EventType "swiss"]
[EventCountry "GER"]
[SourceTitle "playchess.com"]
[Source "ChessBase"]
[SourceQuality "1"]

{[%evp 14,79,12,6,14,22,35,24,60,30,41,29,45,26,46,35,112,116,109,111,124,126,120,117,117,0,0,-72,-86,-105,-95,-127,64,64,69,75,71,68,76,76,99,90,105,13,15,0,64,0,134,124,1455,1427,1412,1338,1537,1975,5460,5218,29996,29997,29997,29992,29992,29993,29993,29993,29996,29997]} 1. e4 c6 2. d4 d5 3. Nc3 dxe4 4. Nxe4 Nf6 5. Nxf6+ exf6 6. Bc4 Bd6 7. Ne2 O-O 8. O-O Bf5 {B15: Caro-Kann: 3 Nc3: 3...g6 and 3...dxe4 4 Nxe4 Nf6 5 Nxf6+ exf6.} 9. Ng3 Bg6 10. f4 {[#]} b5 $146 {White has an edge.} ({Predecessor:} 10... h6 11. f5 Bh7 12. Qg4 Kh8 13. Nh5 g5 14. fxg6 Bxg6 15. Bxh6 Nd7 16. Qh3 Kg8 17. Bxf8 Bxf8 18. Nf4 Kg7 19. Nxg6 fxg6 20. Qe6 Be7 21. Qf7+ Kh6 22. Rf3 {1-0 (22) Dexter,D (2241)-Fuchs,J (1967) Leipzig 2004}) 11. Bb3 {Hoping for f5.} f5 12. a4 {Strongly threatening axb5.} Nd7 13. Qf3 Nf6 14. Qxc6 bxa4 (14... b4 $14) 15. Rxa4 Bc7 16. c3 Bb6 17. Bc2 Rc8 18. Qf3 Qd7 19. Ra1 (19. Qd3 $16) 19... Bxd4+ $1 $11 20. cxd4 (20. Be3 $11 Bxe3+ 21. Qxe3) 20... Rxc2 $17 21. Qd3 Rfc8 22. Ne2 {Threatens to win with Nc3.} Ne4 $2 {[#]} ({Better is} 22... Qb7 $17 {And now ...Bh5 would win.} 23. Rf3 Bh5) 23. Nc3 $1 $14 {[%mdl 512]} R8xc3 (23... Nxc3 24. Qxc2) 24. bxc3 Rxc3 25. Qd1 h5 26. Qa4 Qe6 27. Qxa7 h4 28. Qb8+ (28. d5 $16 Qxd5 29. Qa8+ Qxa8 30. Rxa8+ Kh7 31. Ra3) 28... Kh7 $1 $11 29. Ra8 {[%csl Ga8][%cal Rb8h8]} Kh6 (29... Bh5 $1 $11 30. Bb2 Rb3 31. Qh8+ Kg6) 30. Qe5 ({White should play} 30. Qb5 $14) 30... Qc4 {[#]} (30... Qd7 $11 {keeps the balance.} 31. d5 f6) 31. Bb2 $1 $16 {[%cal Rb2c3]} Rc2 $2 {[%mdl 8192] This costs Black the game.} (31... f6 $16 32. Rh8+ Bh7 33. Rxh7+ Kg6 34. Qe8+ (34. Rxg7+ Kxg7 35. Qe7+ Kg6 $11) 34... Kxh7 35. Qh5+ (35. Bxc3 Qxc3 36. Qh5+ Kg8 $16) 35... Kg8) 32. Rh8+ $18 Bh7 33. Qxf5 $1 {[%csl Gf5][%cal Rh8h7]} g6 34. Qxe4 Rxb2 35. f5 {[%mdl 64] Discovered Attack} Re2 36. Qxh4+ {White mates.} Kg7 37. Qxh7+ Kf6 38. fxg6+ Ke7 39. Qxf7+ Kd6 40. Qxc4 {Accuracy: White = 77%, Black = 54%.} 1-0